<?xml version="1.0" encoding="UTF-8"?>
<record
    xmlns:xsi="http://www.w3.org/2001/XMLSchema-instance"
    xsi:schemaLocation="http://www.loc.gov/MARC21/slim http://www.loc.gov/standards/marcxml/schema/MARC21slim.xsd"
    xmlns="http://www.loc.gov/MARC21/slim">

  <leader>01792    a2200217   4500</leader>
  <controlfield tag="001">34814</controlfield>
  <controlfield tag="005">20260407155633.0</controlfield>
  <controlfield tag="008">260407a1987    arg                 spa d</controlfield>
  <controlfield tag="003">AR-UNSa-BCEJYS</controlfield>
  <datafield tag="040" ind1=" " ind2=" ">
    <subfield code="a">AR-UNSa-BCEJYS</subfield>
    <subfield code="b">spa</subfield>
    <subfield code="c">AR-UNSa-BCEJYS</subfield>
  </datafield>
  <datafield tag="080" ind1=" " ind2=" ">
    <subfield code="a">336.763</subfield>
    <subfield code="x">T&#xED;tulos. Valores</subfield>
  </datafield>
  <datafield tag="245" ind1="1" ind2="0">
    <subfield code="a">Inversiones en t&#xED;tulos p&#xFA;blicos</subfield>
    <subfield code="p">tratamiento integral</subfield>
  </datafield>
  <datafield tag="020" ind1=" " ind2=" ">
    <subfield code="a">950-541-046-8</subfield>
  </datafield>
  <datafield tag="264" ind1=" " ind2="1">
    <subfield code="a">Buenos Aires :</subfield>
    <subfield code="b">Ediciones Contabilidad Moderna</subfield>
    <subfield code="c">1987</subfield>
  </datafield>
  <datafield tag="300" ind1=" " ind2=" ">
    <subfield code="a">371 p.</subfield>
    <subfield code="c">22 cm.</subfield>
  </datafield>
  <datafield tag="505" ind1=" " ind2=" ">
    <subfield code="a">1. Caracter&#xED;sticas fundamentales del t&#xED;tulo - 2. Tratamiento de las compras - 3. Resultados por rentas - 4. Resultados por venta de cupones de renta - 5. Resultados por amortizaci&#xF3;n - 6. Valuaci&#xF3;n al cierre - 7. Resultados por venta - 8. Caso pr&#xE1;ctico. Resumen - 9. Reexpresion de los resultados de operaciones con bonex - 10. Caracter&#xED;sticas fundamentales del t&#xED;tulo - 11. Tratamiento de las compras - 12. Resultados por renta - 13. Resultados por amortizaci&#xF3;n - 14. Valuaci&#xF3;n al cierre - 15. Resultados por venta - 16. Caracter&#xED;sticas fundamentales del t&#xED;tulo - 17. Tratamiento de las compras - 18. Resultados por renta - 19. Resultados pora amortizaci&#xF3;n - 20. Valuaci&#xF3;n al cierre - 21. Resultados por venta - 22. Caracter&#xED;sticas fundamentales del t&#xED;tulo - 23. Tratamiento de las compras - 24. Resultados por renta - 25. Resultados por amortizaci&#xF3;n - 26. Valuaci&#xF3;n al cierre - 27. Resultados por venta - 28. Caracter&#xED;sticas fundamentales del t&#xED;tulo - 29. Tratamiento de las compras - 30. Resultados por renta - 31. Resultados por amortizaci&#xF3;n - 32. Valuaci&#xF3;n al cierre - 33. Resultados por renta - 34. Caracter&#xED;sticas fundamentales del t&#xED;tulo - </subfield>
  </datafield>
  <datafield tag="041" ind1=" " ind2=" ">
    <subfield code="a">spa</subfield>
  </datafield>
  <datafield tag="942" ind1=" " ind2=" ">
    <subfield code="c">BK</subfield>
  </datafield>
  <datafield tag="590" ind1=" " ind2=" ">
    <subfield code="a">niveau_biblio:m niveau_hierar:0</subfield>
  </datafield>
  <datafield tag="100" ind1="1" ind2=" ">
    <subfield code="a">Senderovich, Pablo David</subfield>
  </datafield>
  <datafield tag="999" ind1=" " ind2=" ">
    <subfield code="c">2493</subfield>
    <subfield code="d">2493</subfield>
  </datafield>
  <datafield tag="952" ind1=" " ind2=" ">
    <subfield code="0">0</subfield>
    <subfield code="1">0</subfield>
    <subfield code="4">0</subfield>
    <subfield code="7">0</subfield>
    <subfield code="a">BCEJYS</subfield>
    <subfield code="b">BCEJYS</subfield>
    <subfield code="c">16</subfield>
    <subfield code="d">2026-04-07</subfield>
    <subfield code="l">0</subfield>
    <subfield code="o">336.763 S474</subfield>
    <subfield code="p">L45978</subfield>
    <subfield code="r">2026-04-07 15:56:33</subfield>
    <subfield code="w">2026-04-07</subfield>
    <subfield code="y">L</subfield>
  </datafield>
  <datafield tag="952" ind1=" " ind2=" ">
    <subfield code="0">0</subfield>
    <subfield code="1">0</subfield>
    <subfield code="4">0</subfield>
    <subfield code="7">0</subfield>
    <subfield code="a">BCEJYS</subfield>
    <subfield code="b">BCEJYS</subfield>
    <subfield code="c">16</subfield>
    <subfield code="d">2026-04-07</subfield>
    <subfield code="l">0</subfield>
    <subfield code="o">336.763 S474</subfield>
    <subfield code="p">L53267</subfield>
    <subfield code="r">2026-04-07 15:56:33</subfield>
    <subfield code="w">2026-04-07</subfield>
    <subfield code="y">L</subfield>
  </datafield>
</record>
